00342nam a2200133Ia 4500008004100000020001500041041001200056082001600068100001600084245004700100260003400147300000800181650001900189221030s9999 xx 000 0 und d a8185015694 aEnglish a105.23bChe aD. K. Cheng 0aAnalysis of Linear Systemscby D. K. Cheng bGalgotia PubaNew Delhic1994 a435 aBE Mathematics